| 000 | 01724nam a2200349 a 4500 | ||
|---|---|---|---|
| 001 | 000020348 | ||
| 003 | DO-SdBNP | ||
| 005 | 20171013114906.0 | ||
| 007 | 000020348 | ||
| 008 | 100805t2010 dr 001 0 spa d | ||
| 020 | _a9789945404272 | ||
| 040 |
_aBPMSU _bspa _cBPMSU |
||
| 082 |
_a972.93053 _bB715e |
||
| 100 | 1 | _aBonilla, Walter R. | |
| 245 | 1 | 0 |
_aExilio y memoria en la Era de Trujillo / _cWalter R. Bonilla. |
| 260 |
_aSanto Domingo : _bMinisterio de Cultura, _c2010. |
||
| 300 |
_a187 p. ; _c23 cm. |
||
| 490 | 1 | _aEdiciones de Cultura | |
| 500 | _aPresentada originalmente como tesis de doctorado--Universidad de Puerto Rico, 2006 bajo el título: Entre el destierro y el retorno: la construcción del recuerdo y del olvido en las memorias de los exiliados antitrujullistas. | ||
| 504 | _aIncluye bibliografía y notas al pie de páginas. | ||
| 504 | _aBibliografía : p. 167-187. | ||
| 505 | 0 |
_gIntroducción -- _tLa memoria traumática de César Romero -- _tLa memoria emblemática de Ángel Miolán Romero -- _tLa memoria autobiográfica de Germán Ornes -- _tLa memoria testimonial de Carolina Minardi -- _tLas memorias de los exiliados antitrujillistas : un final inconcluso -- _gBibliografía. |
|
| 650 | 4 |
_aEXPATRIACIÓN _zREPÚBLICA DOMINICANA _yERA DE TRUJILLO, 1930-1961 |
|
| 650 | 4 |
_aPERSECUCIONES POLÍTICAS _zREPÚBLICA DOMINICANA |
|
| 651 | 4 |
_aREPÚBLICA DOMINICANA _xHISTORIA _yERA DE TRUJILLO, 1930-1961 |
|
| 651 | 4 |
_aREPÚBLICA DOMINICANA _xPOLÍTICA Y GOBIERNO _yERA DE TRUJILLO, 1930-1961 |
|
| 830 | 0 | _aEdiciones de Cultura | |
| 910 | _aValidado. Control de calidad MFF | ||
| 942 |
_2ddc _cBK |
||
| 945 | _aInventariado / 2017 VM | ||
| 956 |
_aVMATEO _b10 _c20150807 _lBPMSU _h00151 |
||
| 999 |
_c8131 _d8131 |
||